| 000 | 00684nam a2200253Ia 4500 | ||
|---|---|---|---|
| 003 | OSt | ||
| 005 | 20221006144701.0 | ||
| 006 | a|||||r|||| 00| 0 | ||
| 007 | ta | ||
| 008 | 221006b |||||||| |||| 00| 0 eng d | ||
| 020 |
_c _2.50 |
||
| 024 | _a12,359 | ||
| 037 | _cTextual | ||
| 040 |
_aEASL _cEASL _beng |
||
| 041 |
_2eng _aeng |
||
| 082 | _aV41.N4, J5 | ||
| 100 |
_aAMBA BAI _9652602 |
||
| 245 | 0 | _aIndian views of China before the communist revolution | |
| 260 |
_aCambridge _bMIT _c1955 |
||
| 300 |
_a42p. _ccm. |
||
| 700 |
_a HINDI-CHEENI Pseud _9652603 |
||
| 942 |
_hV41.N4, J5 _cTEXL _2CC |
||
| 999 |
_c1080445 _d1080445 |
||